[Event "Paracin Summer op-B 11th"]
[Site "Paracin"]
[Date "2018.07.13"]
[Round "9"]
[White "Zivkovic, Zivojin"]
[Black "Kandjolas, Konstantin"]
[Result "1-0"]
[WhiteElo "1934"]
[BlackElo "1831"]
[PlyCount "71"]
[EventDate "2018.07.06"]
[EventType "swiss"]
[EventRounds "9"]
[EventCountry "SRB"]
[SourceTitle "EXT 2019"]
[Source "ChessBase"]
[SourceDate "2018.10.10"]
[SourceVersion "1"]
[SourceVersionDate "2018.10.10"]
[SourceQuality "1"]

1. Nf3 Nf6 2. g3 g6 3. d3 Bg7 4. Bg2 0-0 5. 0-0 d6 6. c4 c6 7. Nc3 e5 8. Rb1 a5 9. a3 Nbd7 10. b4 axb4 11. axb4 Re8 12. Qc2 Qe7 13. e4 Nf8 14. h3 Ne6 15. Be3 Qc7 16. Rfc1 Nd7 17. Qd2 Rf8 18. Ne2 f5 19. exf5 gxf5 20. Bh6 Bxh6 21. Qxh6 Rf6 22. Qd2 Ndf8 23. Ra1 Rxa1 24. Rxa1 Qf7 25. Ra8 Bd7 26. Rb8 Be8 27. Ng5 Nxg5 28. Qxg5+ Rg6 29. Qd8 Re6 30. b5 Qe7 31. Qc8 Qd7 32. Qxb7 e4 33. dxe4 fxe4 34. bxc6 Qxc6 35. Qxc6 Bxc6 36. Nd4 1-0

[Event "Paracin-ch"]
[Site "Paracin"]
[Date "2016.01.21"]
[Round "3"]
[White "Vujcic, Milena"]
[Black "Zivkovic, Zivojin"]
[Result "1/2-1/2"]
[WhiteElo "1770"]
[BlackElo "1994"]
[PlyCount "101"]
[EventDate "2016.01.19"]
[EventType "swiss"]
[EventRounds "9"]
[EventCountry "SRB"]
[SourceTitle "CBM 170 Extra"]
[Source "ChessBase"]
[SourceDate "2016.02.25"]
[SourceVersion "1"]
[SourceVersionDate "2016.02.25"]
[SourceQuality "1"]

1. e4 d6 2. d4 Nf6 3. Nc3 g6 4. Nf3 Bg7 5. Bc4 c6 6. a4 0-0 7. h3 a5 8. Be3 d5 9. exd5 cxd5 10. Bb5 Nc6 11. 0-0 Bf5 12. Ne5 Nb4 13. Rc1 Rc8 14. g4 Be6 15. Ne2 Nd7 16. f4 Nb6 17. b3 Bd7 18. c3 Nc6 19. Ng3 Na7 20. Bd3 f6 21. Nxd7 Nxd7 22. Qf3 Nb6 23. h4 e5 24. Qf2 e4 25. Be2 f5 26. gxf5 gxf5 27. Nh5 Rf6 28. Kh2 Rg6 29. Rg1 Nc6 30. Nxg7 Kxg7 31. h5 Rxg1 32. Rxg1+ Kh8 33. Qg3 Qe7 34. Qg5 Nd7 35. Kh3 Qxg5 36. Rxg5 h6 37. Rg3 Rg8 38. Rxg8+ Kxg8 39. Kg3 Kf7 40. Bd1 Ke6 41. Kf2 Nf6 42. Kg3 Kd6 43. Be2 Nb8 44. Kh4 Nc6 45. Kg3 Nd7 46. Bb5 Nf6 47. Be2 Nb8 48. Kh4 Nbd7 49. Kg3 Nb8 50. Kh4 Nc6 51. Kg3 1/2-1/2

[Event "Paracin-ch"]
[Site "Paracin"]
[Date "2016.01.21"]
[Round "4"]
[White "Zivkovic, Zivojin"]
[Black "Rajkovic, Slobodan"]
[Result "1-0"]
[WhiteElo "1994"]
[BlackElo "1753"]
[PlyCount "65"]
[EventDate "2016.01.19"]
[EventType "swiss"]
[EventRounds "9"]
[EventCountry "SRB"]
[SourceTitle "CBM 170 Extra"]
[Source "ChessBase"]
[SourceDate "2016.02.25"]
[SourceVersion "1"]
[SourceVersionDate "2016.02.25"]
[SourceQuality "1"]

1. Nf3 Nf6 2. g3 g6 3. Bg2 Bg7 4. d3 d5 5. 0-0 0-0 6. Nbd2 Bg4 7. c4 Nc6 8. Rb1 Rb8 9. b4 dxc4 10. Nxc4 Bxf3 11. Bxf3 Nd4 12. Bg2 Nd5 13. Bd2 e6 14. e3 Nb5 15. Qc2 c6 16. a4 Nd6 17. e4 Nxc4 18. dxc4 Nc7 19. Be3 Ra8 20. Rfd1 Qc8 21. Bc5 Rd8 22. Bd6 Ne8 23. e5 Nxd6 24. exd6 c5 25. bxc5 Qxc5 26. Rb5 Qa3 27. Bxb7 Rab8 28. c5 Rd7 29. c6 Rxd6 30. Rxd6 Qxd6 31. c7 Bd4 32. cxb8Q+ Qxb8 33. Qc8+ 1-0

[Event "Paracin-ch"]
[Site "Paracin"]
[Date "2016.01.20"]
[Round "2"]
[White "Zivkovic, Zivojin"]
[Black "Tosic, Srecko"]
[Result "0-1"]
[WhiteElo "1994"]
[BlackElo "2362"]
[PlyCount "96"]
[EventDate "2016.01.19"]
[EventType "swiss"]
[EventRounds "9"]
[EventCountry "SRB"]
[SourceTitle "CBM 170 Extra"]
[Source "ChessBase"]
[SourceDate "2016.02.25"]
[SourceVersion "1"]
[SourceVersionDate "2016.02.25"]
[SourceQuality "1"]

1. Nf3 d5 2. g3 Nf6 3. Bg2 c5 4. d3 e6 5. Nbd2 Be7 6. 0-0 0-0 7. e4 h6 8. e5 Nh7 9. Re1 Nc6 10. h4 b5 11. Nf1 a5 12. N1h2 Re8 13. Bf4 b4 14. c4 bxc3 15. bxc3 Ba6 16. Ng4 Bf8 17. Qc2 Rb8 18. Bf1 Qd7 19. Rab1 Qa7 20. Qa4 Rxb1 21. Rxb1 Rb8 22. Rxb8 Qxb8 23. c4 Qb6 24. Bd2 Be7 25. cxd5 Bb5 26. Qe4 exd5 27. Qxd5 Nf8 28. Ne3 Ne6 29. Nf5 Bf8 30. a3 Ba6 31. Nd6 Nxe5 32. Nxe5 Qxd6 33. Qxd6 Bxd6 34. Nc4 Bxc4 35. dxc4 Bc7 36. Be2 Kf8 37. Bd1 Ke7 38. Bc3 Kd6 39. Kf1 Nd4 40. f4 Nf5 41. Kf2 g6 42. Be5+ Kd7 43. Bg4 Bxe5 44. fxe5 Ke6 45. h5 Kxe5 46. Bf3 g5 47. Bd5 Nd6 48. Ke3 f5 0-1

[Event "SRB Central-ch op-B 8th"]
[Site "Paracin"]
[Date "2015.07.08"]
[Round "7"]
[White "Bal, Enes Emre"]
[Black "Zivkovic, Zivojin"]
[Result "0-1"]
[WhiteElo "1886"]
[BlackElo "1977"]
[PlyCount "94"]
[EventDate "2015.07.03"]
[EventType "swiss"]
[EventRounds "9"]
[EventCountry "SRB"]
[SourceTitle "CBM 167 Extra"]
[Source "ChessBase"]
[SourceDate "2015.09.14"]
[SourceVersion "1"]
[SourceVersionDate "2015.09.14"]
[SourceQuality "1"]

1. e4 d6 2. d4 Nf6 3. Nc3 g6 4. Bc4 c6 5. a4 Bg7 6. Qe2 0-0 7. Nf3 Bg4 8. h3 Bxf3 9. Qxf3 Qb6 10. Qe2 Qxd4 11. Be3 Qe5 12. f4 Qa5 13. 0-0 d5 14. exd5 cxd5 15. Bb3 Nc6 16. Qb5 e6 17. Qxb7 Rfc8 18. Qb5 Qd8 19. Rad1 Na5 20. Bd4 Rcb8 21. Qe2 Nxb3 22. cxb3 Rxb3 23. Nb5 a6 24. Qc2 Rb4 25. Bc3 Rc4 26. Nd4 Ne4 27. Rfe1 Qb6 28. Qd3 Nxc3 29. bxc3 Rac8 30. Kh1 Rxc3 31. Qd2 Bxd4 32. Qxd4 Qxd4 33. Rxd4 R8c4 34. Rd2 Rxa4 35. f5 gxf5 36. Rb2 d4 37. Rb7 Ra5 38. Ra7 d3 39. Rd1 Rd5 40. Rxa6 d2 41. Raa1 e5 42. Kg1 e4 43. Kf2 e3+ 44. Ke2 Rdc5 45. g3 Kg7 46. Rab1 Rc1 47. Kxe3 Rxb1 0-1

[Event "SRB Central-ch op-B 8th"]
[Site "Paracin"]
[Date "2015.07.07"]
[Round "5"]
[White "Miljkovic, Jovana"]
[Black "Zivkovic, Zivojin"]
[Result "0-1"]
[WhiteElo "1812"]
[BlackElo "1977"]
[PlyCount "104"]
[EventDate "2015.07.03"]
[EventType "swiss"]
[EventRounds "9"]
[EventCountry "SRB"]
[SourceTitle "CBM 167 Extra"]
[Source "ChessBase"]
[SourceDate "2015.09.14"]
[SourceVersion "1"]
[SourceVersionDate "2015.09.14"]
[SourceQuality "1"]

1. d4 Nf6 2. c4 g6 3. Nc3 Bg7 4. e4 d6 5. Nf3 0-0 6. Be2 Nbd7 7. 0-0 e5 8. Be3 a5 9. a3 h6 10. dxe5 dxe5 11. Nd2 c6 12. b4 Nh7 13. c5 Ng5 14. Nc4 axb4 15. axb4 Rxa1 16. Qxa1 Ne6 17. Nd6 Nd4 18. Bc4 b6 19. Qa2 Qf6 20. f4 bxc5 21. fxe5 Qxe5 22. Nxf7 Nf3+ 23. Rxf3 Qxc3 24. Bd2 Qd4+ 25. Kh1 Kh7 26. Bc3 Qd1+ 27. Rf1 Qxf1+ 28. Bxf1 Bxc3 29. Bc4 cxb4 30. Nd6 Bg7 31. Qa4 Nb6 32. Qxb4 Nxc4 33. Qxc4 Be6 34. Qe2 Ra8 35. g3 Ra1+ 36. Kg2 Ra2 37. Kf2 Bd4+ 38. Ke1 Rxe2+ 39. Kxe2 c5 40. Kd3 Bg1 41. h3 Bh2 42. Nb7 c4+ 43. Kd4 Bxg3 44. Nd8 Bf2+ 45. Kc3 Be1+ 46. Kd4 c3 47. Nxe6 c2 48. Ke5 c1Q 49. Kf6 Bc3+ 50. e5 Qf1+ 51. Ke7 Bb4+ 52. Ke8 Qb5+ 0-1

[Event "SRB Central-ch op-B 8th"]
[Site "Paracin"]
[Date "2015.07.04"]
[Round "3"]
[White "Menzi, Nezihe Ezgi"]
[Black "Zivkovic, Zivojin"]
[Result "1-0"]
[WhiteElo "1807"]
[BlackElo "1977"]
[PlyCount "37"]
[EventDate "2015.07.03"]
[EventType "swiss"]
[EventRounds "9"]
[EventCountry "SRB"]
[SourceTitle "CBM 167 Extra"]
[Source "ChessBase"]
[SourceDate "2015.09.14"]
[SourceVersion "1"]
[SourceVersionDate "2015.09.14"]
[SourceQuality "1"]

1. e4 d6 2. d4 Nf6 3. Nc3 g6 4. Bc4 Bg7 5. Qe2 e5 6. Nf3 Bg4 7. dxe5 dxe5 8. Bxf7+ Kxf7 9. Nxe5+ Ke8 10. Nxg4 Nxg4 11. Qxg4 c6 12. Qe6+ Qe7 13. Qxe7+ Kxe7 14. Bg5+ Ke6 15. 0-0-0 Nd7 16. Ne2 Nc5 17. f3 Na4 18. Nf4+ Kf7 19. Rd7+ 1-0

[Event "Vojvodina-ch 5th"]
[Site "Novi Sad"]
[Date "2014.07.12"]
[Round "1"]
[White "Cabarkapa, Novak"]
[Black "Zivkovic, Zivojin"]
[Result "1-0"]
[WhiteElo "2386"]
[BlackElo "1992"]
[PlyCount "61"]
[EventDate "2014.07.12"]
[EventType "swiss"]
[EventRounds "9"]
[EventCountry "YUG"]
[SourceTitle "CBM 161 Extra"]
[Source "ChessBase"]
[SourceDate "2014.08.29"]
[SourceVersion "1"]
[SourceVersionDate "2014.08.29"]
[SourceQuality "1"]

1. e4 d6 2. d4 Nf6 3. f3 g6 4. Be3 Bg7 5. Qd2 c6 6. Ne2 b5 7. Nbc3 Nbd7 8. g4 Nb6 9. Ng3 h5 10. g5 Nfd7 11. h4 b4 12. Nd1 c5 13. c3 a5 14. f4 cxd4 15. cxd4 Bb7 16. d5 Rc8 17. Bd4 Bxd4 18. Qxd4 Rf8 19. Ne3 Rc5 20. Bd3 Qc7 21. 0-0 f6 22. f5 fxg5 23. fxg6 Rg8 24. Nxh5 Ne5 25. g7 Nbd7 26. hxg5 Nxd3 27. Qxd3 Ne5 28. Qe2 Qc8 29. Nf5 Ba6 30. Qf2 Bxf1 31. Nf6+ 1-0

[Event "Jagodina op 7th"]
[Site "Jagodina"]
[Date "2014.03.08"]
[Round "2"]
[White "Zivkovic, Zivojin"]
[Black "Miljkovic, Miroslav M"]
[Result "0-1"]
[WhiteElo "2004"]
[BlackElo "2211"]
[PlyCount "60"]
[EventDate "2014.03.07"]
[EventType "swiss"]
[EventRounds "9"]
[EventCountry "SRB"]
[SourceTitle "CBM 159 Extra"]
[Source "ChessBase"]
[SourceDate "2014.04.24"]
[SourceVersion "1"]
[SourceVersionDate "2014.04.24"]
[SourceQuality "1"]

1. Nf3 c5 2. g3 Nc6 3. Bg2 d5 4. d3 e5 5. 0-0 f6 6. Nbd2 Bg4 7. h3 Be6 8. c3 Qd7 9. Kh2 Nge7 10. e4 d4 11. c4 g5 12. a3 Ng6 13. h4 Bg4 14. hxg5 fxg5 15. Qa4 Be7 16. Nb3 Bxf3 17. Bxf3 g4 18. Be2 h5 19. Kg2 h4 20. Bd2 Bd6 21. Na5 Nf4+ 22. gxf4 exf4 23. Nxc6 f3+ 24. Bxf3 h3+ 25. Kh1 gxf3 26. Rg1 bxc6 27. e5 Be7 28. Rg7 Rc8 29. Bg5 Qg4 30. Rg1 Qg2+ 0-1

[Event "Paracin-ch"]
[Site "Paracin"]
[Date "2014.01.12"]
[Round "4"]
[White "Zivkovic, Zivojin"]
[Black "Ostojic, Katarina"]
[Result "0-1"]
[WhiteElo "2011"]
[BlackElo "1811"]
[PlyCount "64"]
[EventDate "2014.01.10"]
[EventType "swiss"]
[EventRounds "9"]
[EventCountry "SRB"]
[SourceTitle "CBM 158 Extra"]
[Source "ChessBase"]
[SourceDate "2014.02.28"]
[SourceVersion "1"]
[SourceVersionDate "2014.02.28"]
[SourceQuality "1"]

1. Nf3 Nf6 2. g3 g6 3. Bg2 Bg7 4. d3 0-0 5. 0-0 d6 6. c4 e5 7. Nc3 Nc6 8. Rb1 a5 9. a3 Bd7 10. b4 axb4 11. axb4 Re8 12. Bg5 h6 13. Bxf6 Bxf6 14. Nd5 Bg7 15. b5 Ne7 16. Nc3 Ra3 17. Qc1 Qa8 18. Nd2 e4 19. Nd5 Nxd5 20. cxd5 Rc3 21. Qd1 exd3 22. e3 Rc2 23. Ne4 Bf5 24. Qxd3 Bxe4 25. Bxe4 Rc3 26. Qd2 Rxe4 27. Ra1 Ra3 28. Rac1 Re7 29. Rc4 Ra1 30. Rxa1 Qxa1+ 31. Kg2 Qb2 32. Qa5 Qb3 0-1

[Event "SRB Central-ch op-B 6th"]
[Site "Paracin"]
[Date "2013.07.06"]
[Round "2"]
[White "Brankovic, Slavoljub"]
[Black "Zivkovic, Zivojin"]
[Result "0-1"]
[WhiteElo "1825"]
[BlackElo "1981"]
[PlyCount "82"]
[EventDate "2013.07.05"]
[EventType "swiss"]
[EventRounds "9"]
[EventCountry "SRB"]
[SourceTitle "CBM 155 Extra"]
[Source "ChessBase"]
[SourceDate "2013.08.26"]
[SourceVersion "1"]
[SourceVersionDate "2013.08.26"]
[SourceQuality "1"]

1. c4 Nf6 2. Nc3 g6 3. Nf3 Bg7 4. d4 0-0 5. g3 d6 6. Bg2 Nc6 7. d5 Na5 8. Qd3 c5 9. Bd2 a6 10. Rc1 Bd7 11. 0-0 b5 12. b3 bxc4 13. bxc4 Rb8 14. Rb1 Qc7 15. e4 Bg4 16. h3 Bxf3 17. Bxf3 Nd7 18. Bf4 Nb6 19. Nd1 Nbxc4 20. Ne3 Nxe3 21. Bxe3 Rb6 22. Rxb6 Qxb6 23. Rb1 Qa7 24. Be2 f5 25. f3 fxe4 26. fxe4 Qd7 27. Bg4 Qa4 28. Rb6 Nc4 29. Bd1 Qxa2 30. Qb3 Qxb3 31. Rxb3 Nxe3 32. Be2 Bd4 33. Bxa6 Ng4+ 34. Kh1 Nf2+ 35. Kg2 Nxe4 36. h4 Ra8 37. Rb6 c4 38. Rc6 c3 39. Kf3 Nc5 40. Rxc5 Bxc5 41. Bd3 Ra2 0-1

[Event "Jagodina op 6th"]
[Site "Jagodina"]
[Date "2013.03.12"]
[Round "5"]
[White "Sosic, Nikola"]
[Black "Zivkovic, Zivojin"]
[Result "1-0"]
[WhiteElo "1894"]
[BlackElo "1970"]
[PlyCount "167"]
[EventDate "2013.03.09"]
[EventType "swiss"]
[EventRounds "9"]
[EventCountry "SRB"]
[SourceTitle "CBM 153 Extra"]
[Source "ChessBase"]
[SourceDate "2013.04.22"]
[SourceVersion "1"]
[SourceVersionDate "2013.04.22"]
[SourceQuality "1"]

1. d4 Nf6 2. Nf3 g6 3. c4 Bg7 4. Nc3 0-0 5. e4 d6 6. Be2 Nbd7 7. 0-0 e5 8. d5 a5 9. Bg5 h6 10. Bh4 g5 11. Bg3 Nc5 12. Nd2 Ne8 13. f3 f5 14. exf5 Bxf5 15. Nde4 b6 16. Nxc5 bxc5 17. Bd3 Qd7 18. Ne4 Nf6 19. Bf2 Rab8 20. Qe2 Nh5 21. g3 Bh3 22. Rfb1 g4 23. fxg4 Bxg4 24. Qd2 Bf3 25. Be3 Qh3 26. Rf1 Rf7 27. Rf2 Rbf8 28. Raf1 Qg4 29. Qc2 Bxe4 30. Rxf7 Rxf7 31. Rxf7 Kxf7 32. Bxe4 Nf4 33. Kh1 Ne2 34. Bg2 h5 35. Qe4 Qxe4 36. Bxe4 Bf6 37. Kg2 h4 38. Kf3 Nd4+ 39. Kg4 hxg3 40. hxg3 Ne2 41. Bd2 a4 42. Ba5 Bd8 43. Bc2 Nc1 44. Bxa4 Nxa2 45. b3 Nb4 46. Kf5 Nd3 47. g4 Nf2 48. g5 e4 49. Be1 e3 50. g6+ Kf8 51. Bc3 Nd3 52. Ke4 Ne5 53. Bxe5 dxe5 54. Kxe3 Kg7 55. Be8 Be7 56. Ke4 Bd6 57. Kf5 Bf8 58. Kxe5 Bd6+ 59. Ke4 Kf6 60. Kd3 Bf8 61. Kc3 Bg7 62. b4 cxb4+ 63. Kxb4 Ke7 64. Bf7 Kd6 65. c5+ Kd7 66. Kb5 Kd8 67. Kc6 Be5 68. d6 cxd6 69. cxd6 Bg7 70. Be6 Be5 71. Kd5 Bg7 72. Bf5 Bf6 73. Kc6 Bg7 74. Kd5 Ke8 75. d7+ Ke7 76. Kc6 Kd8 77. Kd6 Bc3 78. Ke6 Bd4 79. Kf7 Ba1 80. g7 Bxg7 81. Kxg7 Ke7 82. Kg6 Kd8 83. Kf7 Kc7 84. Ke7 1-0

[Event "Paracin-ch"]
[Site "Paracin"]
[Date "2013.01.20"]
[Round "9"]
[White "Zivkovic, Zivojin"]
[Black "Jovanovic, Bojan P"]
[Result "0-1"]
[WhiteElo "1976"]
[BlackElo "2199"]
[PlyCount "46"]
[EventDate "2013.01.11"]
[EventType "swiss"]
[EventRounds "9"]
[EventCountry "SRB"]
[SourceTitle "EXT 2019"]
[Source "ChessBase"]
[SourceDate "2018.10.10"]
[SourceVersion "1"]
[SourceVersionDate "2018.10.10"]
[SourceQuality "1"]

1. Nf3 Nf6 2. g3 d5 3. Bg2 Nc6 4. d3 e5 5. 0-0 Be7 6. Nbd2 0-0 7. c4 Re8 8. a3 a5 9. b3 e4 10. Ne1 Bc5 11. cxd5 e3 12. dxc6 exf2+ 13. Kh1 fxe1Q 14. Qxe1 b6 15. Ne4 Nxe4 16. Bxe4 Rxe4 17. dxe4 Qd4 18. Bd2 Qxe4+ 19. Rf3 Bg4 20. Kg2 Qxc6 21. Rc1 Re8 22. Qd1 Qe4 23. e3 Rd8 0-1

[Event "Paracin-ch"]
[Site "Paracin"]
[Date "2013.01.19"]
[Round "8"]
[White "Miskovic, Lazar"]
[Black "Zivkovic, Zivojin"]
[Result "0-1"]
[WhiteElo "1640"]
[BlackElo "1976"]
[PlyCount "92"]
[EventDate "2013.01.11"]
[EventType "swiss"]
[EventRounds "9"]
[EventCountry "SRB"]
[SourceTitle "EXT 2019"]
[Source "ChessBase"]
[SourceDate "2018.10.10"]
[SourceVersion "1"]
[SourceVersionDate "2018.10.10"]
[SourceQuality "1"]

1. Nf3 Nf6 2. c4 g6 3. Nc3 Bg7 4. e4 d6 5. d4 0-0 6. Be2 Nbd7 7. 0-0 e5 8. d5 a5 9. Nd2 Nc5 10. Re1 Ne8 11. Nb3 Nxb3 12. axb3 Bd7 13. Be3 f5 14. f3 b6 15. Qd2 f4 16. Bf2 g5 17. Kh1 h5 18. Rg1 g4 19. Qe1 Rf7 20. Bh4 Bf6 21. Bxf6 Qxf6 22. b4 Rg7 23. g3 fxg3 24. Qxg3 h4 25. Qf2 g3 26. hxg3 hxg3 27. Qxg3 Rxg3 28. Rxg3+ Ng7 29. bxa5 Rxa5 30. Rag1 Kf7 31. Rxg7+ Qxg7 32. Rxg7+ Kxg7 33. Kg2 Ra1 34. Kf2 Rc1 35. Ke3 Rc2 36. Nd1 Kf6 37. Bd3 Rh2 38. Nf2 Kg5 39. Be2 Kh4 40. b3 Kg3 41. Nd3 Rh8 42. Kd2 Bh3 43. Ke3 Bg2 44. Ne1 Ra8 45. Nd3 Ra3 46. Bd1 Ra1 0-1

[Event "SRB Central-ch op-B 5th"]
[Site "Paracin"]
[Date "2012.07.10"]
[Round "5"]
[White "Popovic, Milan S"]
[Black "Zivkovic, Zivojin"]
[Result "1-0"]
[WhiteElo "2083"]
[BlackElo "1991"]
[PlyCount "63"]
[EventDate "2012.07.06"]
[EventType "swiss"]
[EventRounds "9"]
[EventCountry "SRB"]
[SourceTitle "CBM 149 Extra"]
[Source "ChessBase"]
[SourceDate "2012.08.24"]
[SourceVersion "1"]
[SourceVersionDate "2012.08.24"]
[SourceQuality "1"]

1. e4 d6 2. Nc3 Nf6 3. Bc4 g6 4. f4 c6 5. Bb3 e5 6. d3 Bg7 7. Nf3 Bg4 8. h3 Bxf3 9. Qxf3 Nbd7 10. 0-0 h6 11. Kh1 0-0 12. Be3 Qe7 13. Rad1 exf4 14. Bxf4 Ne5 15. Qf2 g5 16. Bh2 Ng6 17. Ne2 Nd7 18. c3 Nc5 19. Ng3 Nh4 20. Bc2 Nd7 21. d4 a5 22. Nf5 Nxf5 23. Qxf5 Rfd8 24. Bb3 Rf8 25. Rde1 a4 26. Bc2 Rfd8 27. e5 dxe5 28. Qh7+ Kf8 29. dxe5 Ra5 30. Bg6 Rxe5 31. Bxe5 f6 32. Bc7 1-0

[Event "SRB Central-ch op-B 5th"]
[Site "Paracin"]
[Date "2012.07.07"]
[Round "3"]
[White "Milutinovic, Bojan"]
[Black "Zivkovic, Zivojin"]
[Result "0-1"]
[WhiteElo "1815"]
[BlackElo "1991"]
[PlyCount "76"]
[EventDate "2012.07.06"]
[EventType "swiss"]
[EventRounds "9"]
[EventCountry "SRB"]
[SourceTitle "CBM 149 Extra"]
[Source "ChessBase"]
[SourceDate "2012.08.24"]
[SourceVersion "1"]
[SourceVersionDate "2012.08.24"]
[SourceQuality "1"]

1. e4 d6 2. d4 Nf6 3. Nc3 g6 4. Be3 Bg7 5. f3 c6 6. Qd2 b5 7. g4 Qa5 8. h4 h5 9. g5 b4 10. Nce2 Nfd7 11. Nh3 c5 12. f4 cxd4 13. Nxd4 Nc5 14. Nf2 Bb7 15. Bg2 Nc6 16. 0-0 0-0 17. a3 Bxd4 18. Bxd4 bxa3 19. Qxa5 Nxa5 20. b4 Ne6 21. Be3 Nc4 22. Bc1 Nd4 23. c3 Nb3 24. Ra2 Nxc1 25. Rxc1 Rfc8 26. Bf1 a6 27. Bxc4 Rxc4 28. Rxa3 Rac8 29. Kh2 Rxb4 30. cxb4 Rxc1 31. Re3 Rc4 32. Rb3 Bxe4 33. Nxe4 Rxe4 34. Kg3 Rc4 35. b5 axb5 36. Rxb5 Rc3+ 37. Kf2 Rc7 38. Kf3 Kg7 0-1

[Event "SRB Central-ch op-B 5th"]
[Site "Paracin"]
[Date "2012.07.07"]
[Round "2"]
[White "Zivkovic, Zivojin"]
[Black "Ljuboja, Ognjen"]
[Result "1-0"]
[WhiteElo "1991"]
[BlackElo "1830"]
[PlyCount "51"]
[EventDate "2012.07.06"]
[EventType "swiss"]
[EventRounds "9"]
[EventCountry "SRB"]
[SourceTitle "CBM 149 Extra"]
[Source "ChessBase"]
[SourceDate "2012.08.24"]
[SourceVersion "1"]
[SourceVersionDate "2012.08.24"]
[SourceQuality "1"]

1. Nf3 Nf6 2. g3 g6 3. Bg2 Bg7 4. d3 0-0 5. 0-0 c5 6. c4 Nc6 7. Nc3 d6 8. a3 Rb8 9. Rb1 a6 10. b4 cxb4 11. axb4 b5 12. cxb5 axb5 13. d4 Ne8 14. h3 Bd7 15. e4 Qc8 16. h4 Nxd4 17. Nd5 Nxf3+ 18. Bxf3 Qd8 19. h5 Nf6 20. hxg6 hxg6 21. Bg5 Nxd5 22. exd5 Bf5 23. Rc1 Bb2 24. Rc6 Bd7 25. Qc2 Bxc6 26. dxc6 1-0

[Event "SRB Central-ch op-B 5th"]
[Site "Paracin"]
[Date "2012.07.06"]
[Round "1"]
[White "Milenkovic, Jelena"]
[Black "Zivkovic, Zivojin"]
[Result "0-1"]
[WhiteElo "1510"]
[BlackElo "1991"]
[PlyCount "76"]
[EventDate "2012.07.06"]
[EventType "swiss"]
[EventRounds "9"]
[EventCountry "SRB"]
[SourceTitle "CBM 149 Extra"]
[Source "ChessBase"]
[SourceDate "2012.08.24"]
[SourceVersion "1"]
[SourceVersionDate "2012.08.24"]
[SourceQuality "1"]

1. d4 Nf6 2. c4 g6 3. Nf3 d6 4. Nc3 Bg7 5. e4 0-0 6. Be2 Nbd7 7. 0-0 e5 8. d5 a5 9. Qc2 Nh5 10. Be3 Nf4 11. Rac1 Nc5 12. Bxc5 dxc5 13. Rb1 f5 14. a3 Nxe2+ 15. Qxe2 fxe4 16. Nxe4 Bg4 17. Nxc5 Qe7 18. Qe3 Bxf3 19. gxf3 Qh4 20. Ne6 Rf5 21. Qe4 Qe7 22. Rfd1 Bh6 23. b4 axb4 24. axb4 Bf4 25. d6 Qxe6 26. dxc7 Rc8 27. Qxb7 Rff8 28. Kg2 Qxc4 29. Qxc8 Rxc8 30. Rd8+ Kg7 31. Rxc8 e4 32. Re1 Bxc7 33. Rxe4 Qf7 34. Rce8 Bd6 35. b5 Qb3 36. b6 Qxb6 37. R4e6 Qb5 38. Rd8 Qg5+ 0-1

[Event "SRB-chT3 Liga Ost CS"]
[Site "Serbia"]
[Date "2011.10.02"]
[Round "4"]
[White "Mirkovic, Dejan"]
[Black "Zivkovic, Zivojin"]
[Result "0-1"]
[WhiteElo "1965"]
[BlackElo "1972"]
[PlyCount "55"]
[EventDate "2011.09.11"]
[EventType "team"]
[EventRounds "11"]
[EventCountry "SRB"]
[SourceTitle "EXT 2015"]
[Source "ChessBase"]
[SourceDate "2014.11.20"]
[SourceVersion "1"]
[SourceVersionDate "2014.11.20"]
[SourceQuality "1"]

1. d4 Nf6 2. Nf3 g6 3. e3 Bg7 4. Bd3 d6 5. h3 0-0 6. c4 a5 7. Nc3 Nbd7 8. b3 e5 9. 0-0 Re8 10. Qc2 Nf8 11. dxe5 dxe5 12. Nd2 Ne6 13. Ba3 Nh5 14. Rad1 f5 15. Be2 Nf6 16. Nb5 Nd7 17. Nf3 e4 18. Nfd4 Nxd4 19. Nxd4 c6 20. Bb2 Qg5 21. c5 Ne5 22. Bc4+ Nxc4 23. Qxc4+ Kh8 24. Qe2 f4 25. exf4 Qxc5 26. Kh2 Qd6 27. Bc1 Qc7 28. Qc2 0-1

[Event "SRB Central-ch op-B 4th"]
[Site "Paracin"]
[Date "2011.07.11"]
[Round "4"]
[White "Zivkovic, Zivojin"]
[Black "Amon, Nejc"]
[Result "1/2-1/2"]
[WhiteElo "1984"]
[BlackElo "1646"]
[PlyCount "130"]
[EventDate "2011.07.08"]
[EventType "swiss"]
[EventRounds "9"]
[EventCountry "SRB"]
[SourceTitle "CBM 143 Extra"]
[Source "ChessBase"]
[SourceDate "2011.08.29"]
[SourceVersion "1"]
[SourceVersionDate "2011.08.29"]
[SourceQuality "1"]

1. Nf3 d5 2. g3 Nf6 3. d3 c6 4. Bg2 Bg4 5. 0-0 Nbd7 6. Nbd2 e5 7. e4 dxe4 8. dxe4 Bc5 9. c3 0-0 10. b4 Bb6 11. Qc2 Re8 12. Nc4 Bc7 13. Nh4 g6 14. Bg5 Nb6 15. Na5 Rb8 16. c4 Nbd7 17. Nb3 b5 18. c5 a5 19. a3 a4 20. Nc1 Nf8 21. Bh6 Ne6 22. Ne2 Bxe2 23. Qxe2 Nd4 24. Qb2 Qe7 25. Rae1 Rbd8 26. Nf3 Ng4 27. Bd2 Qd7 28. Bc3 Nxf3+ 29. Bxf3 Nf6 30. Bg2 Qe7 31. f4 Nh5 32. Bf3 Nf6 33. Bd1 Nd7 34. Rf2 h5 35. f5 Rf8 36. Qc1 Nf6 37. h3 Qd7 38. Bc2 Kh7 39. Qg5 Ng8 40. Ref1 Kg7 41. g4 hxg4 42. hxg4 Nf6 43. Rh2 Rh8 44. Rff2 Qe7 45. fxg6 fxg6 46. Rh5 Qe6 47. Rxh8 Rxh8 48. Rf5 Rf8 49. Bxe5 Bxe5 50. Rxe5 Qxg4+ 51. Qxg4 Nxg4 52. Rg5 Ne3 53. Bd3 Rd8 54. Be2 Rd2 55. Kf2 Nc2 56. e5 Nd4 57. Ke3 Rxe2+ 58. Kxd4 Rd2+ 59. Ke4 Re2+ 60. Kf4 Rf2+ 61. Ke4 Re2+ 62. Kf4 Rf2+ 63. Ke4 Re2+ 64. Kf4 Rf2+ 65. Ke4 Re2+ 1/2-1/2

[Event "Nis op"]
[Site "Nis"]
[Date "2011.05.31"]
[Round "7"]
[White "Zivkovic, Zivojin"]
[Black "Djordjevic, Vuk D"]
[Result "0-1"]
[WhiteElo "2024"]
[BlackElo "1855"]
[PlyCount "88"]
[EventDate "2011.05.24"]
[EventType "swiss"]
[EventRounds "9"]
[EventCountry "SRB"]
[SourceTitle "CBM 142 Extra"]
[Source "ChessBase"]
[SourceDate "2011.06.27"]
[SourceVersion "1"]
[SourceVersionDate "2011.06.27"]
[SourceQuality "1"]

1. Nf3 d5 2. g3 c5 3. d3 Nc6 4. Bg2 e5 5. 0-0 Nf6 6. Nbd2 Be7 7. e4 0-0 8. a4 Be6 9. Re1 d4 10. Ng5 Bg4 11. f3 Bh5 12. Nc4 Nd7 13. Nh3 f6 14. Nf2 Nb6 15. Nxb6 Qxb6 16. g4 Bf7 17. f4 exf4 18. Bxf4 Ne5 19. b3 Ng6 20. Bg3 Bd6 21. Qf3 Ne5 22. Qe2 Qc7 23. Rf1 Be6 24. h3 Rab8 25. Nh1 b6 26. Qf2 a6 27. Bf4 g5 28. Bg3 b5 29. axb5 axb5 30. Ra6 c4 31. bxc4 bxc4 32. Qd2 Bc8 33. Raa1 c3 34. Qf2 Rb2 35. Rfc1 Nxd3 36. Bxd6 Qxd6 37. Qe2 Nxc1 38. Rxc1 Ba6 39. Qe1 Qf4 40. Ng3 Qe3+ 41. Qxe3 dxe3 42. Nf5 e2 43. Kf2 Rfb8 44. Ra1 Rb1 0-1